000 00446nam a2200181Ia 4500
003 GCL
008 140319s9999 xx 000 0 eng d
040 _aGCL /
_cGCL
082 0 4 _a751.426
_bM A
100 1 _aMIRZA,JILL
245 1 0 _aACRYLICS /
_cMIRZA,JILL
700 1 _aHARRIS,NICK
260 _a[S.N] :
_bTHE APPLE PRESS ،
_c1995
300 _a64 P
650 0 4 _aACRYLIC PAINTING TECHNIQUE
650 0 4 _aCOLOUR MIXING
942 _2ddc
_cBK
999 _c25241
_d25241